[Event "Medellin Experts 17th"]
[Site "Medellin"]
[Date "2010.08.08"]
[Round "9.1"]
[White "Caro, Emilio"]
[Black "Gil, Cristian"]
[Result "0-1"]
[WhiteElo "1898"]
[BlackElo "1980"]
[PlyCount "100"]
[EventDate "2010.08.04"]
[EventType "swiss"]
[EventRounds "9"]
[EventCountry "COL"]
[SourceTitle "EXT 2024"]
[Source "ChessBase"]
[SourceDate "2023.10.10"]
[SourceVersion "1"]
[SourceVersionDate "2023.10.10"]
[SourceQuality "1"]

1. e4 c5 2. Nf3 d6 3. c3 Nf6 4. Be2 g6 5. 0-0 Bg7 6. d3 0-0 7. h3 c4 8. Na3 cxd3 9. Bxd3 Nc6 10. Bg5 Re8 11. Qe2 Nd7 12. Rad1 Nc5 13. Bc2 Ne6 14. Be3 a6 15. Nc4 b5 16. Nb6 Rb8 17. Nd5 a5 18. Nd4 Nexd4 19. cxd4 Ba6 20. e5 Qc8 21. f4 e6 22. Nf6+ Bxf6 23. exf6 Qd8 24. Qf3 Nb4 25. Bb1 Qxf6 26. Bf2 Bb7 27. Qg3 Nc6 28. Qg4 h5 29. Qg3 Ne7 30. Qa3 Qxf4 31. Be1 Qg5 32. Rf2 b4 33. Qd3 Nf5 34. Bd2 Qh4 35. Be1 Qg5 36. Bd2 Qg3 37. Qf1 Ne3 38. Bxe3 Qxe3 39. Rd3 Qg5 40. Kh2 Ba6 41. Rxf7 Bxd3 42. Bxd3 Rf8 43. Rf3 Rxf3 44. Qxf3 Rf8 45. Qe2 e5 46. Be4 exd4 47. Qc4+ Kg7 48. Bf3 Re8 49. Qf1 Qf4+ 50. Kh1 Qg3 0-1

[Event "Medellin Experts 17th"]
[Site "Medellin"]
[Date "2010.08.07"]
[Round "7.5"]
[White "Perdomo, Jefferson"]
[Black "Gil, Cristian"]
[Result "0-1"]
[WhiteElo "1948"]
[BlackElo "1980"]
[PlyCount "100"]
[EventDate "2010.08.04"]
[EventType "swiss"]
[EventRounds "9"]
[EventCountry "COL"]
[SourceTitle "EXT 2024"]
[Source "ChessBase"]
[SourceDate "2023.10.10"]
[SourceVersion "1"]
[SourceVersionDate "2023.10.10"]
[SourceQuality "1"]

1. e4 c5 2. Nf3 d6 3. d4 cxd4 4. Nxd4 Nf6 5. Nc3 g6 6. Be3 Bg7 7. f3 0-0 8. Qd2 Nc6 9. Bc4 Bd7 10. 0-0-0 Rc8 11. Bb3 Ne5 12. h4 h5 13. Bg5 Rc5 14. Kb1 b5 15. g4 hxg4 16. Nd5 Nc4 17. Bxc4 Rxc4 18. Nxf6+ exf6 19. Bh6 gxf3 20. h5 g5 21. Bxg7 Kxg7 22. h6+ Kh8 23. b3 Rc5 24. Nxf3 Bg4 25. Rhf1 f5 26. exf5 Qf6 27. Rde1 Rxf5 28. Nh2 Bh3 29. Rxf5 Bxf5 30. Rf1 Rc8 31. Rc1 Qxh6 32. Nf3 Rc5 33. Qg2 Qg6 34. Nd4 Be4 35. Qh2+ Kg8 36. Qe2 a6 37. Qf2 f5 38. Nf3 Bxf3 39. Qxf3 f4 40. Qa8+ Kf7 41. Qb7+ Kf6 42. Qd7 Qf5 43. Qxd6+ Kf7 44. Qd2 f3 45. Re1 g4 46. b4 Rc4 47. Qf2 Rxb4+ 48. Kc1 Qf4+ 49. Re3 Re4 50. Kd2 Qxe3+ 0-1

[Event "Medellin Experts 17th"]
[Site "Medellin"]
[Date "2010.08.06"]
[Round "4.1"]
[White "Gil, Cristian"]
[Black "Reyes Rios, Juan Camilo"]
[Result "0-1"]
[WhiteElo "1980"]
[BlackElo "1996"]
[PlyCount "74"]
[EventDate "2010.08.04"]
[EventType "swiss"]
[EventRounds "9"]
[EventCountry "COL"]
[SourceTitle "EXT 2024"]
[Source "ChessBase"]
[SourceDate "2023.10.10"]
[SourceVersion "1"]
[SourceVersionDate "2023.10.10"]
[SourceQuality "1"]

1. e4 c5 2. c3 d5 3. exd5 Qxd5 4. d4 Nc6 5. Nf3 Bg4 6. Be2 Nf6 7. 0-0 e6 8. Be3 cxd4 9. cxd4 Be7 10. Nc3 Qd6 11. Qd2 0-0 12. Rfd1 Nb4 13. Bf4 Qd8 14. Be5 Nbd5 15. Qg5 h6 16. Qd2 Rc8 17. Bxf6 Nxf6 18. h3 Bf5 19. Bd3 Qa5 20. a3 Bxd3 21. Qxd3 Rfd8 22. Ne5 a6 23. Qf3 Qb6 24. Rd2 Qc7 25. Rad1 b5 26. Rd3 b4 27. Ne4 a5 28. a4 Rd5 29. b3 Rcd8 30. Nc4 Qa7 31. Ng3 Nh7 32. Ne4 Rxd4 33. Rxd4 Rxd4 34. Rxd4 Qxd4 35. Nxa5 Qa1+ 36. Kh2 Qe5+ 37. g3 Qxa5 0-1

[Event "COL-ch U26 18th"]
[Site "Risarald"]
[Date "2009.10.25"]
[Round "6"]
[White "Gil, Cristian"]
[Black "Almanza, Rafael Andres"]
[Result "0-1"]
[WhiteElo "1988"]
[BlackElo "2154"]
[PlyCount "114"]
[EventDate "2009.10.23"]
[EventType "swiss"]
[EventRounds "7"]
[EventCountry "COL"]
[SourceTitle "EXT 2010"]
[Source "ChessBase"]
[SourceDate "2010.11.25"]
[SourceVersion "1"]
[SourceVersionDate "2010.11.25"]
[SourceQuality "1"]

1. e4 c5 2. Nf3 d6 3. Bb5+ Bd7 4. Bxd7+ Qxd7 5. 0-0 Nf6 6. Re1 Nc6 7. c3 e6 8. d4 cxd4 9. cxd4 d5 10. exd5 Nxd5 11. Ne5 Nxe5 12. dxe5 Be7 13. Qg4 Kf8 14. a3 h5 15. Qe4 Rc8 16. Nd2 Qc7 17. Nf3 Qc2 18. Qxc2 Rxc2 19. Nd4 Rc4 20. Nb3 g5 21. Na5 Rc7 22. Be3 Kg7 23. Bd4 Rhc8 24. Nb3 b6 25. g3 Rc4 26. Kg2 a5 27. Rad1 a4 28. Nc1 b5 29. Na2 Rc2 30. Nc3 Nxc3 31. Bxc3 Bxa3 32. bxa3 R8xc3 33. Rb1 Rc5 34. Re3 Kg6 35. h3 Rd2 36. Rb4 Rdd5 37. Rbe4 Rc4 38. Rxc4 bxc4 39. g4 hxg4 40. hxg4 Rc5 41. Rc3 f6 42. Kf3 fxe5 43. Ke3 Kf6 44. f3 Ke7 45. Rc1 Kd6 46. Ke4 c3 47. Kd3 Kd5 48. Kc2 Kc4 49. Rb1 Rb5 50. Rxb5 Kxb5 51. Kxc3 Kc5 52. Kd3 Kd5 53. Ke3 Kc4 54. Ke4 Kb3 55. Kd3 Kxa3 56. Kc3 Ka2 57. Kc2 a3 0-1

[Event "COL-ch U26 18th"]
[Site "Risarald"]
[Date "2009.10.25"]
[Round "5"]
[White "Vanegas Barbosa, Jhonny German"]
[Black "Gil, Cristian"]
[Result "1-0"]
[WhiteElo "2097"]
[BlackElo "1988"]
[PlyCount "43"]
[EventDate "2009.10.23"]
[EventType "swiss"]
[EventRounds "7"]
[EventCountry "COL"]
[SourceTitle "EXT 2010"]
[Source "ChessBase"]
[SourceDate "2010.11.25"]
[SourceVersion "1"]
[SourceVersionDate "2010.11.25"]
[SourceQuality "1"]

1. e4 c5 2. Nf3 e6 3. d4 cxd4 4. Nxd4 a6 5. Bd3 Qc7 6. Nc3 Nc6 7. Nb3 Nf6 8. f4 d6 9. Qf3 Be7 10. Be3 0-0 11. g4 b5 12. g5 Nd7 13. Qh3 Nb4 14. a3 Nxd3+ 15. cxd3 Bb7 16. 0-0 Nc5 17. Nxc5 dxc5 18. f5 Rfd8 19. fxe6 fxe6 20. g6 hxg6 21. Qxe6+ Kh7 22. Rf3 1-0

[Event "Cali qual"]
[Site "Cali"]
[Date "2008.05.02"]
[Round "2"]
[White "Gil, Cristian"]
[Black "Clavijo, Jorge Mario"]
[Result "0-1"]
[WhiteElo "1956"]
[BlackElo "2351"]
[PlyCount "38"]
[EventDate "2008.05.01"]
[EventType "swiss"]
[EventRounds "9"]
[EventCountry "COL"]
[SourceTitle "CBM 124 Extra"]
[Source "ChessBase"]
[SourceDate "2008.07.03"]
[SourceVersion "1"]
[SourceVersionDate "2008.07.03"]
[SourceQuality "1"]

1. e4 c5 2. Nf3 d6 3. Bb5+ Bd7 4. Bxd7+ Qxd7 5. 0-0 Nc6 6. c3 Nf6 7. Re1 e6 8. d4 cxd4 9. cxd4 d5 10. e5 Ne4 11. Nbd2 Nxd2 12. Bxd2 Be7 13. Rc1 0-0 14. Re3 h6 15. Rec3 Bd8 16. a3 Bb6 17. Be3 Rac8 18. Qd3 Ne7 19. a4 Qxa4 0-1

[Event "Pan American-ch U18"]
[Site "Medellin"]
[Date "2007.07.05"]
[Round "6"]
[White "Machin Rivera, Mark"]
[Black "Gil, Cristian"]
[Result "1-0"]
[WhiteElo "2177"]
[BlackElo "1832"]
[PlyCount "67"]
[EventDate "2007.07.02"]
[EventType "swiss"]
[EventRounds "9"]
[EventCountry "COL"]
[SourceTitle "EXT 2022"]
[Source "ChessBase"]
[SourceDate "2021.10.06"]
[SourceVersion "1"]
[SourceVersionDate "2021.10.06"]
[SourceQuality "1"]

1. e4 c5 2. Nf3 e6 3. d4 cxd4 4. Nxd4 Nc6 5. Nc3 Qc7 6. Be2 a6 7. 0-0 Nf6 8. Kh1 Bb4 9. f3 0-0 10. Bg5 Qa5 11. f4 Bxc3 12. Bxf6 gxf6 13. Nxc6 bxc6 14. bxc3 f5 15. exf5 Qxc3 16. Qd6 Qg7 17. Rab1 Kh8 18. f6 Qh6 19. Rb3 Rg8 20. Qe7 Qf8 21. Qxf8 Rxf8 22. Rh3 Rg8 23. Bd3 Rg6 24. Bxg6 fxg6 25. f7 Kg7 26. Rxh7+ Kf8 27. f5 gxf5 28. Rf3 Rb8 29. h3 Ke7 30. Rg3 Bb7 31. Rg8 Rf8 32. Rxf8 Kxf8 33. Rh8+ Kxf7 34. Rb8 1-0

[Event "Pan American-ch U20"]
[Site "Cali"]
[Date "2005.10.19"]
[Round "6"]
[White "Vanegas Barbosa, Jhonny German"]
[Black "Gil, Cristian"]
[Result "1-0"]
[WhiteElo "1800"]
[BlackElo "1800"]
[PlyCount "79"]
[EventDate "2005.10.16"]
[EventType "swiss"]
[EventRounds "9"]
[EventCountry "COL"]
[SourceTitle "EXT 2007"]
[Source "ChessBase"]
[SourceDate "2006.11.23"]
[SourceVersion "1"]
[SourceVersionDate "2006.11.23"]
[SourceQuality "1"]

1. Nf3 c5 2. g3 g6 3. Bg2 Bg7 4. d4 cxd4 5. Nxd4 Nc6 6. c3 Nf6 7. e4 0-0 8. 0-0 Qb6 9. Na3 d6 10. b3 Ng4 11. Bb2 a6 12. Nc4 Qc7 13. h3 Nf6 14. Ne3 Bd7 15. Rc1 Rac8 16. a4 Na5 17. Re1 Rfe8 18. Ba3 Qb6 19. Bb4 Nc6 20. Nc4 Qa7 21. Nxc6 Bxc6 22. a5 Nd7 23. h4 Nc5 24. Nb6 Rcd8 25. Qc2 Nd7 26. Nd5 Nf6 27. c4 Bxd5 28. exd5 Nd7 29. Re2 Nc5 30. Bc3 Bf8 31. b4 Nd7 32. Qd3 Rc8 33. Bd4 Qb8 34. Bh3 Rc7 35. Rce1 b6 36. h5 bxa5 37. hxg6 hxg6 38. Be6 Nf6 39. Qxg6+ Bg7 40. Bxf7+ 1-0

[Event "Pan American-ch U20"]
[Site "Cali"]
[Date "2005.10.18"]
[Round "4"]
[White "Ibarra Chami, Luis Fernando"]
[Black "Gil, Cristian"]
[Result "1/2-1/2"]
[WhiteElo "2172"]
[BlackElo "1800"]
[PlyCount "67"]
[EventDate "2005.10.16"]
[EventType "swiss"]
[EventRounds "9"]
[EventCountry "COL"]
[SourceTitle "EXT 2007"]
[Source "ChessBase"]
[SourceDate "2006.11.23"]
[SourceVersion "1"]
[SourceVersionDate "2006.11.23"]
[SourceQuality "1"]

1. e4 c5 2. d3 Nc6 3. g3 g6 4. Bg2 Bg7 5. f4 d6 6. Nf3 e6 7. 0-0 Nge7 8. c3 0-0 9. Be3 b6 10. a3 Bb7 11. d4 cxd4 12. cxd4 Na5 13. Nbd2 d5 14. e5 Ba6 15. Re1 Rc8 16. b4 Nc4 17. Qa4 Nxd2 18. Nxd2 Bd3 19. Rac1 a6 20. Qb3 Bb5 21. a4 Bd7 22. Bf1 a5 23. Ba6 Rxc1 24. Rxc1 Nc6 25. b5 Nb4 26. Nb1 Qb8 27. Bd2 Nxa6 28. bxa6 Qa7 29. Na3 Rc8 30. Rb1 Qxa6 31. Qxb6 Qxb6 32. Rxb6 Bxa4 33. Bxa5 Bf8 34. Bb4 1/2-1/2